| 000 | 00669pam a2200217 a 4500 | ||
|---|---|---|---|
| 020 | _a031213987X | ||
| 082 | 0 | 0 |
_a620.001 _bFLO _cL-38, P-67 |
| 100 | 1 |
_aFlorman, Samuel C. _93100 |
|
| 245 | 1 | 4 |
_aThe introspective engineer / _cSamuel C. Florman. |
| 250 | _a1st ed. | ||
| 260 |
_aNew York : _bSt. Martin's Press, _cc1996. |
||
| 300 |
_axii, 244 p. ; _c22 cm. |
||
| 500 | _a"A Thomas Dunne book." | ||
| 500 | _aIncludes index. | ||
| 526 |
_a0 _b0 _c0 _d620_001000000000000_FLO |
||
| 650 | 0 |
_aEngineering _xPhilosophy. _93101 |
|
| 650 | 0 |
_aEngineering _xPsychological aspects. _93102 |
|
| 650 | 0 |
_aMCE _9379 |
|
| 650 | 0 |
_aTechnology _xPhilosophy. _93103 |
|
| 942 |
_2ddc _cBK |
||
| 999 |
_c544741 _d544741 |
||